Испытания гетерогенного дозиметрического фантома грызуна, изготовленного методами трехмерной печати; Физико-технические проблемы в науке, промышленности и медицине

Bibliographic Details
Parent link:Физико-технические проблемы в науке, промышленности и медицине.— 2022.— [С. 105-106]
Main Author: Куйвалайнен В. А.
Corporate Author: Национальный исследовательский Томский политехнический университет Исследовательская школа физики высокоэнергетических процессов
Other Authors: Милойчикова И. А. Ирина Алексеевна, Стучебров С. Г. Сергей Геннадьевич
Summary:Заглавие с экрана
Language:Russian
Published: 2022
Series:Ядерная медицина и медицинская физика
Subjects:
Online Access:http://earchive.tpu.ru/handle/11683/74571
Format: Electronic Book Chapter
KOHA link:https://koha.lib.tpu.ru/cgi-bin/koha/opac-detail.pl?biblionumber=635490

MARC

LEADER 00000naa2a2200000 4500
001 635490
005 20240201133228.0
035 |a (RuTPU)RU\TPU\conf\37343 
035 |a RU\TPU\conf\37338 
090 |a 635490 
100 |a 20230130d2022 k y0rusy50 ca 
101 0 |a rus 
102 |a RU 
105 |a y z 101zy 
135 |a drgn ---uucaa 
181 0 |a i  
182 0 |a b 
200 1 |a Испытания гетерогенного дозиметрического фантома грызуна, изготовленного методами трехмерной печати  |f В. А. Куйвалайнен, И. А. Милойчикова, С. Г. Стучебров 
203 |a Текст  |c электронный 
225 1 |a Ядерная медицина и медицинская физика 
300 |a Заглавие с экрана 
320 |a [Библиогр.: с. 106 (2 назв.)] 
463 0 |0 (RuTPU)RU\TPU\conf\36995  |t Физико-технические проблемы в науке, промышленности и медицине  |o сборник тезисов докладов XI Международной научно-практической конференции, г. Томск, 07–09 сентября 2022 г.  |f Национальный исследовательский Томский политехнический университет, Инженерная школа ядерных технологий ; ред. кол. А. Г. Горюнов, О. Ю. Долматов, А. О. Семенов, Е. С. Сухих  |v [С. 105-106]  |d 2022 
610 1 |a труды учёных ТПУ 
610 1 |a электронный ресурс 
610 1 |a испытания 
610 1 |a дозиметрические фантомы 
610 1 |a трехмерная печать 
610 1 |a терапия 
610 1 |a дозы облучения 
610 1 |a злокачественные новообразования 
700 1 |a Куйвалайнен  |b В. А. 
701 1 |a Милойчикова  |b И. А.  |c физик  |c доцент Томского политехнического университета, кандидат физико-математических наук  |f 1988-  |g Ирина Алексеевна  |3 (RuTPU)RU\TPU\pers\35464  |9 18661 
701 1 |a Стучебров  |b С. Г.  |c физик  |c доцент Томского политехнического университета, кандидат физико-математических наук  |f 1981-  |g Сергей Геннадьевич  |3 (RuTPU)RU\TPU\pers\31441  |9 15603 
712 0 2 |a Национальный исследовательский Томский политехнический университет  |b Исследовательская школа физики высокоэнергетических процессов  |c (2017- )  |3 (RuTPU)RU\TPU\col\23551 
801 2 |a RU  |b 63413507  |c 20230201  |g RCR 
856 4 |u http://earchive.tpu.ru/handle/11683/74571 
942 |c BK